US states with HDI higher than all neighbors - Statistics

General Stats
  • This quiz has been taken 58 times
  • The average score is 9 of 10
Answer Stats
Hint Answer % Correct
0.930 California
98%
0.940 Washington
94%
0.909 Florida
92%
0.956 Massachusetts
92%
0.909 Texas
90%
0.935 Maryland
85%
0.947 Minnesota
83%
0.942 Colorado
81%
0.929 Illinois
75%
0.943 New Jersey
71%
No matching quizzes found
Score Distribution
Percent of People with Each Score
Percentile by Number Answered
Your Score History
You have not taken this quiz